000 01410cam a2200313 4500500
005 20251228055903.0
041 _afre
042 _adc
100 1 0 _aSafon, Jacques
_eauthor
245 0 0 _aY Arrivarem Ariège Pyrénées
260 _c2020.
500 _a26
520 _aIl y a trente ans, des bénévoles, amoureux de la montagne, se sont mis au défi de permettre aux personnes handicapées de connaître, en dehors du concept d’handisport, les joies de la découverte de la haute montagne. Cette saga s’est poursuivie par des randonnées, des voyages en péniche… et l’aventure continue toujours.
520 _aThirty years ago, volunteers, all of them mountain lovers, set themselves the challenge of enabling disabled people to experience the joys of discovering great mountains, outside of the context of disability sports. This story continued with hikes, barge trips… and the adventure is still going on.
690 _adéfi
690 _aenthousiasme
690 _aexcursions
690 _ahandicap
690 _amontagne
690 _asolidarité
690 _achallenge
690 _adisability
690 _aenthusiasm
690 _aexcursions
690 _amountain
690 _asolidarity
786 0 _nEmpan | 118 | 2 | 2020-06-15 | p. 52-53 | 1152-3336
856 4 1 _uhttps://shs.cairn.info/revue-empan-2020-2-page-52?lang=fr&redirect-ssocas=7080
999 _c1586592
_d1586592